Right to water: Politics, governance and social struggles (Record no. 169719)

MARC details
000 -LEADER
fixed length control field 00392nam a2200145Ia 4500
008 - FIXED-LENGTH DATA ELEMENTS--GENERAL INFORMATION
fixed length control field 230917s9999||||xx |||||||||||||| ||und||
040 ## - CATALOGING SOURCE
-- 197303
Original cataloging agency VIVEKANANDA LIBRARY
041 ## - Language
-- English
082 ## - DDC NUMBER
Classification number 346.0432 R449R
100 ## - MAIN ENTRY--PERSONAL NAME
Personal name Sultana, Farhana, ed.
245 #0 - TITLE STATEMENT
Title Right to water: Politics, governance and social struggles
260 ## - PUBLICATION, DISTRIBUTION, ETC. (IMPRINT)
Place of publication, distribution, etc London
Name of publisher, distributor, etc Earthscan
Date of publication, distribution, etc 2012
300 ## - PHYSICAL DESCRIPTION
Pages xv, 262 p.
942 ## - ADDED ENTRY ELEMENTS (KOHA)
Koha item type Books
Holdings
Withdrawn status Lost status Damaged status Not for loan Location (home branch) Sublocation or collection (holding branch) Date acquired Koha issues (times borrowed) Koha full call number Accession No. Koha date last seen Koha item type
        VIVEKANANDA LIBRARY VIVEKANANDA LIBRARY 16/03/2012   346.0432 R449R 316916 17/09/2023 Books
© Designed and Maintained by Vivekananda Library, MDU Rohtak